| 000 -LEADER |
| fixed length control field |
01162cam a22002657i 4500 |
| 001 - CONTROL NUMBER |
| control field |
20945145 |
| 003 - CONTROL NUMBER IDENTIFIER |
| control field |
OSt |
| 005 - DATE AND TIME OF LATEST TRANSACTION |
| control field |
20240924152644.0 |
| 008 - FIXED-LENGTH DATA ELEMENTS--GENERAL INFORMATION |
| fixed length control field |
190423s2018 enka 001 0 eng |
| 010 ## - LIBRARY OF CONGRESS CONTROL NUMBER |
| LC control number |
2018420638 |
| 020 ## - INTERNATIONAL STANDARD BOOK NUMBER |
| International Standard Book Number |
9780198409908 |
| 040 ## - CATALOGING SOURCE |
| Original cataloging agency |
DLC |
| Transcribing agency |
DLC |
| Description conventions |
rda |
| Modifying agency |
DLC |
| -- |
KH8 |
| 082 ## - DEWEY DECIMAL CLASSIFICATION NUMBER |
| Classification number |
570 FOS |
| 100 1# - MAIN ENTRY--PERSONAL NAME |
| Personal name |
Fosbery, Richard, |
| Relator term |
author. |
| 245 10 - TITLE STATEMENT |
| Title |
Exam success in biology : |
| Remainder of title |
for Cambridge international AS & A level / |
| Statement of responsibility, etc. |
Richard Fosbery. |
| 264 #1 - PRODUCTION, PUBLICATION, DISTRIBUTION, MANUFACTURE, AND COPYRIGHT NOTICE |
| Place of production, publication, distribution, manufacture |
Oxford, UK : |
| Name of producer, publisher, distributor, manufacturer |
Oxford Uinversity Ptress, |
| Date of production, publication, distribution, manufacture, or copyright notice |
2018. |
| 300 ## - PHYSICAL DESCRIPTION |
| Extent |
iv, 260 pages ; |
| Dimensions |
30 cm |
| 336 ## - CONTENT TYPE |
| Content type term |
text |
| Content type code |
txt |
| Source |
rdacontent |
| 337 ## - MEDIA TYPE |
| Media type term |
unmediated |
| Media type code |
n |
| Source |
rdamedia |
| 338 ## - CARRIER TYPE |
| Carrier type term |
volume |
| Carrier type code |
nc |
| Source |
rdacarrier |
| 500 ## - GENERAL NOTE |
| General note |
Includes index. |
| 520 ## - SUMMARY, ETC. |
| Summary, etc. |
Exam success in Biology for Cambridge International AS & A level is designed specifically to encourage grade improvement and to maximise student performance in the examination. Covering key topics in the Cambridge syllabus, this book provides practical advice, examiner tips, and exam-style questions to ensure students approach their exam fully prepared and with confidence. |
| 650 #0 - SUBJECT ADDED ENTRY--TOPICAL TERM |
| Topical term or geographic name entry element |
Biology |
| General subdivision |
Examinations |
| Form subdivision |
Study guides. |
| 942 ## - ADDED ENTRY ELEMENTS (KOHA) |
| Source of classification or shelving scheme |
|
| Koha item type |
Teaching Resources |